| 000 | 00478nam a2200169Ia 4500 | ||
|---|---|---|---|
| 999 |
_c28831 _d28831 |
||
| 003 | OSt | ||
| 005 | 20201224155223.0 | ||
| 008 | 190216s9999||||xx |||||||||||||| ||und|| | ||
| 040 | _coclc | ||
| 082 |
_a894.8129 _bSAT/V |
||
| 100 |
_aSatyavrathan, N N _97876 |
||
| 245 | 0 |
_aVaartha Vanna Vazhi / _cN N Satyavrathan |
|
| 260 |
_bIla Books, _aKochi: _c2007. |
||
| 300 | _a96p- | ||
| 650 | _aOormakurip | ||
| 942 |
_cBK _2ddc _h894.8129 _iSAT/V _k894.8129 _mSAT/V |
||